000 00652cam a22002413a 4500
001 29769
003 PGUSA
005 20140828083637.0
008 090823s2009||||xxu|||||s|||||000 | eng d
040 _aPGUSA
_beng
042 _adc
050 4 _aPA
100 1 _aSallust,
_d-86--34
245 1 0 _aJugurtha
_h[electronic resource] /
_cSallust
260 _bProject Gutenberg,
_c2009
506 _aPublic domain in the USA.
516 _aElectronic text
653 _aJugurthine War, 111-105 B.C.
700 1 _aBlomstedt, Oskar,
_d1833-1871
830 0 _aProject Gutenberg
_v29769
856 4 0 _uhttp://www.gutenberg.org/ebooks/29769
942 _cEB
999 _c259024
_d259024